Normal view
MARC view
- SLIDING MODE CONTROL APPLIED IN MOBILE ROBOTS AND AUTONOMOUS VEHICLES
Entry Topical Term
001 - CONTROL NUMBER
- control field: 68061
003 - CONTROL NUMBER IDENTIFIER
- control field: NUST
005 - DATE AND TIME OF LATEST TRANSACTION
- control field: 20210628203950.0
008 - FIXED-LENGTH DATA ELEMENTS
- fixed length control field: 210628|| aca||aabn | a|a d
040 ## - CATALOGING SOURCE
- Original cataloging agency: NUST
- Transcribing agency: NUST
150 ## - HEADING--TOPICAL TERM
- Topical term or geographic name entry element: SLIDING MODE CONTROL APPLIED IN MOBILE ROBOTS AND AUTONOMOUS VEHICLES
670 ## - SOURCE DATA FOUND
- Source citation: Work cat.: (NUST): Solea, Razvan, Razvan Solea 68060, Sliding mode control applied in mobile robots and autonomous vehicles, trajectory-tracking control problem, 2010
